数字が含まれるVOCALOID伝説入り曲 - Statistics

General Stats
  • This quiz has been taken 131 times
  • The average score is 11 of 37
Answer Stats
曲名 % Correct
千本桜
67%
六兆年と一夜物語
67%
39
65%
1925
62%
39みゅーじっく!
53%
1000年生きてる
50%
3331
42%
十面相
36%
一千光年
36%
このピアノでお前を8759632145回ぶん殴る
34%
一騎当千
33%
ぼくらの16bit戦争
32%
1/6 -out of the gravity-
31%
8.32
31%
二息歩行
30%
とても素敵な六月でした
29%
粘着系男子の15年ネチネチ
29%
千年の独奏歌
27%
一触即発☆禅ガール
27%
CH4NGE
25%
世界寿命と最後の一日
22%
九龍レトロ
22%
一心不乱
22%
三日月ステップ
21%
心拍数♯0822
19%
二次元ドリームフィーバー
16%
繰り返し一粒
16%
表裏一体
16%
この曲100万再生いかなかったら死にます!
16%
ニュース39
16%
紅一葉
14%
ボーカロイドたちがただ2コードくりかえすだけ
12%
とある一家の御茶会議
11%
春に一番近い街
11%
四季刻歌
9%
ボーカロイドたちが2コードくり返してテッテーテレッテーとか叫ぶだけ
9%
一途な片思い、実らせたい小さな幸せ。
6%
No matching quizzes found
Score Distribution
Percent of People with Each Score
Percentile by Number Answered
Your Score History
You have not taken this quiz